[Event "BUL-ch sf 75th"]
[Site "Plovdiv"]
[Date "2011.02.11"]
[Round "7"]
[White "Panaiotov, Janko"]
[Black "Bratanov, Zsivko"]
[Result "1/2-1/2"]
[WhiteElo "2243"]
[BlackElo "2467"]
[PlyCount "91"]
[EventDate "2011.02.07"]
[EventType "swiss"]
[EventRounds "9"]
[EventCountry "BUL"]
[SourceTitle "CBM 140 Extra"]
[Source "ChessBase"]
[SourceDate "2011.03.01"]
[SourceVersion "1"]
[SourceVersionDate "2011.03.01"]
[SourceQuality "1"]

1. e4 c5 2. Nf3 Nc6 3. b3 d6 4. Bb2 Nf6 5. Nc3 g6 6. Nd5 Bg7 7. Nxf6+ exf6 8. Bb5 Bd7 9. 0-0 0-0 10. Re1 Re8 11. h3 a6 12. Bc4 Rb8 13. a4 f5 14. Bxg7 Kxg7 15. Bd5 Qf6 16. c3 Re7 17. d4 cxd4 18. cxd4 Nb4 19. e5 dxe5 20. dxe5 Qb6 21. a5 Qc5 22. Bc4 Bc6 23. Qd4 Qxd4 24. Nxd4 Rd8 25. Nxc6 Nxc6 26. f4 Red7 27. e6 fxe6 28. Rxe6 Rd6 29. Rxd6 Rxd6 30. Ra2 Kf6 31. Kf2 g5 32. g3 gxf4 33. gxf4 Rd4 34. Kf3 Re4 35. Bd5 Rb4 36. Bxc6 Rxb3+ 37. Kg2 bxc6 38. Rc2 Ke6 39. Rxc6+ Kd5 40. Rxa6 Ra3 41. Ra8 Ke4 42. a6 Kxf4 43. a7 Ra2+ 44. Kg1 h6 45. h4 h5 46. Kh1 1/2-1/2

[Event "BUL-ch sf 75th"]
[Site "Plovdiv"]
[Date "2011.02.10"]
[Round "5"]
[White "Vutov, M Mario"]
[Black "Bratanov, Zsivko"]
[Result "1/2-1/2"]
[WhiteElo "2341"]
[BlackElo "2467"]
[PlyCount "22"]
[EventDate "2011.02.07"]
[EventType "swiss"]
[EventRounds "9"]
[EventCountry "BUL"]
[SourceTitle "CBM 140 Extra"]
[Source "ChessBase"]
[SourceDate "2011.03.01"]
[SourceVersion "1"]
[SourceVersionDate "2011.03.01"]
[SourceQuality "1"]

1. e4 c5 2. Nf3 e6 3. d4 cxd4 4. Nxd4 a6 5. Nc3 b5 6. Be3 Bb7 7. f3 Ne7 8. Qd2 Nec6 9. Nb3 d6 10. a4 b4 11. Na2 a5 1/2-1/2

[Event "BUL-ch sf 75th"]
[Site "Plovdiv"]
[Date "2011.02.09"]
[Round "4"]
[White "Bratanov, Zsivko"]
[Black "Kukov, Velislav"]
[Result "1/2-1/2"]
[WhiteElo "2467"]
[BlackElo "2378"]
[PlyCount "25"]
[EventDate "2011.02.07"]
[EventType "swiss"]
[EventRounds "9"]
[EventCountry "BUL"]
[SourceTitle "CBM 140 Extra"]
[Source "ChessBase"]
[SourceDate "2011.03.01"]
[SourceVersion "1"]
[SourceVersionDate "2011.03.01"]
[SourceQuality "1"]

1. d4 Nf6 2. c4 Nc6 3. Nf3 e6 4. g3 d5 5. cxd5 exd5 6. Bg2 Bg4 7. 0-0 Be7 8. Nc3 Ne4 9. Qb3 Nxc3 10. bxc3 Na5 11. Qa4+ c6 12. Ba3 Nc4 13. Bxe7 1/2-1/2